<?xml version="1.0" encoding="UTF-8"?>
<record
    xmlns:xsi="http://www.w3.org/2001/XMLSchema-instance"
    xsi:schemaLocation="http://www.loc.gov/MARC21/slim http://www.loc.gov/standards/marcxml/schema/MARC21slim.xsd"
    xmlns="http://www.loc.gov/MARC21/slim">

  <leader>02786nam a22002897a 4500</leader>
  <controlfield tag="001">8224</controlfield>
  <controlfield tag="003">FISKH</controlfield>
  <controlfield tag="005">20250903155306.0</controlfield>
  <controlfield tag="008">250903b        cb ||||| |||| 00| 0 eng d</controlfield>
  <datafield tag="020" ind1=" " ind2=" ">
    <subfield code="a">9789996353529</subfield>
  </datafield>
  <datafield tag="040" ind1=" " ind2=" ">
    <subfield code="a">FISKH</subfield>
    <subfield code="b">eng</subfield>
    <subfield code="c">FISKH</subfield>
    <subfield code="d">FISKH</subfield>
  </datafield>
  <datafield tag="050" ind1=" " ind2=" ">
    <subfield code="a">PZ7 </subfield>
  </datafield>
  <datafield tag="082" ind1=" " ind2=" ">
    <subfield code="a">510</subfield>
  </datafield>
  <datafield tag="100" ind1=" " ind2=" ">
    <subfield code="a">Ly, Chea </subfield>
  </datafield>
  <datafield tag="245" ind1=" " ind2=" ">
    <subfield code="a">&#x1782;&#x178E;&#x17B7;&#x178F;&#x179C;&#x17B7;&#x1791;&#x17D2;&#x1799;&#x17B6; &#x1790;&#x17D2;&#x1793;&#x17B6;&#x1780;&#x17CB;&#x1798;&#x17BC;&#x179B;&#x178A;&#x17D2;&#x1781;&#x17B6;&#x1793;&#x179F;&#x1798;&#x17D2;&#x179A;&#x17B6;&#x1794;&#x17CB;&#x1780;&#x17BB;&#x1798;&#x17B6;&#x179A;&#x179A;&#x17C0;&#x1793;&#x178A;&#x17C4;&#x1799;&#x1781;&#x17D2;&#x179B;&#x17BD;&#x1793;&#x17AF;&#x1784; / </subfield>
  </datafield>
  <datafield tag="260" ind1=" " ind2=" ">
    <subfield code="a">Phnom Penh : </subfield>
    <subfield code="b">You Can, </subfield>
    <subfield code="c">2010.</subfield>
  </datafield>
  <datafield tag="300" ind1=" " ind2=" ">
    <subfield code="a">82 pages : </subfield>
    <subfield code="b">color illustrations ; </subfield>
    <subfield code="c">26 cm </subfield>
  </datafield>
  <datafield tag="505" ind1=" " ind2=" ">
    <subfield code="a">F
</subfield>
  </datafield>
  <datafield tag="520" ind1=" " ind2=" ">
    <subfield code="a">&#x179F;&#x17C0;&#x179C;&#x1797;&#x17C5;&#x1793;&#x17C1;&#x17C7;&#x178F;&#x17D2;&#x179A;&#x17BC;&#x179C;&#x1794;&#x17B6;&#x1793;&#x179A;&#x17C0;&#x1794;&#x179A;&#x17C0;&#x1784;&#x17A1;&#x17BE;&#x1784;&#x179F;&#x1798;&#x17D2;&#x179A;&#x17B6;&#x1794;&#x17CB;&#x1780;&#x17BB;&#x1798;&#x17B6;&#x179A;&#x178A;&#x17BE;&#x1798;&#x17D2;&#x1794;&#x17B8;&#x1794;&#x1784;&#x17D2;&#x179A;&#x17C0;&#x1793;&#x1782;&#x17C4;&#x179B;&#x1780;&#x17B6;&#x179A;&#x178E;&#x17CD;&#x1782;&#x178E;&#x17B7;&#x178F;&#x179C;&#x17B7;&#x1791;&#x17D2;&#x1799;&#x17B6;&#x1798;&#x17BC;&#x179B;&#x178A;&#x17D2;&#x178B;&#x17B6;&#x1793; &#x178F;&#x17B6;&#x1798;&#x179A;&#x1799;&#x17C8;&#x179A;&#x17BC;&#x1794;&#x1797;&#x17B6;&#x1796;&#x1793;&#x17B7;&#x1784;&#x178F;&#x17BD;&#x17A2;&#x1784;&#x17D2;&#x1782;&#x178F;&#x17BB;&#x1780;&#x17D2;&#x1780;&#x178F;&#x17B6;&#x178A;&#x17C2;&#x179B;&#x1792;&#x17D2;&#x179C;&#x17BE;&#x17B2;&#x17D2;&#x1799;&#x1780;&#x17BB;&#x1798;&#x17B6;&#x179A;&#x1798;&#x17B6;&#x1793;&#x1785;&#x17C6;&#x178E;&#x1784;&#x17CB;&#x1785;&#x17C6;&#x178E;&#x17BC;&#x179B;&#x1785;&#x17B7;&#x178F;&#x17D2;&#x178F;&#x1780;&#x17D2;&#x1793;&#x17BB;&#x1784;&#x1780;&#x17B6;&#x179A;&#x179F;&#x17B7;&#x1780;&#x17D2;&#x179F;&#x17B6;&#x17D4; &#x1780;&#x17D2;&#x1793;&#x17BB;&#x1784;&#x179F;&#x17C0;&#x179C;&#x1797;&#x17C5;&#x1798;&#x17B6;&#x1793;&#x1798;&#x17C1;&#x179A;&#x17C0;&#x1793;&#x179F;&#x17C6;&#x1781;&#x17B6;&#x1793;&#x17CB;&#x17D7;&#x178A;&#x17BC;&#x1785;&#x1787;&#x17B6;&#x17D6;
&#x1780;&#x17B6;&#x179A;&#x1782;&#x178E;&#x1793;&#x17B6;&#x17A1;&#x17BE;&#x1784;&#x179C;&#x17B7;&#x1789; &#x1793;&#x17B7;&#x1784;&#x178A;&#x1780;&#x179B;&#x17C1;&#x1781;
&#x1780;&#x17B6;&#x179A;&#x179A;&#x17C0;&#x1793;&#x17A2;&#x17C6;&#x1796;&#x17B8;&#x179B;&#x17C1;&#x1781;&#x1782;&#x17C4;&#x179B; &#x1793;&#x17B7;&#x1784;&#x179F;&#x1789;&#x17D2;&#x1789;&#x17B6;&#x1782;&#x178E;&#x17B7;&#x178F;
&#x1780;&#x17B6;&#x179A;&#x179F;&#x17B7;&#x1780;&#x17D2;&#x179F;&#x17B6;&#x17A2;&#x17C6;&#x1796;&#x17B8;&#x179A;&#x17BC;&#x1794;&#x1792;&#x179A;&#x178E;&#x17B8;&#x1798;&#x17B6;&#x178F;&#x17D2;&#x179A;
&#x1780;&#x17B6;&#x179A;&#x179A;&#x17C0;&#x1793;&#x17A2;&#x17B6;&#x1793;&#x1798;&#x17C9;&#x17C4;&#x1784; &#x178F;&#x17B6;&#x1798;&#x179A;&#x1799;&#x17C8;&#x1793;&#x17B6;&#x17A1;&#x17B7;&#x1780;&#x17B6;
&#x1780;&#x17B6;&#x179A;&#x17A2;&#x1793;&#x17BB;&#x179C;&#x178F;&#x17D2;&#x178F;&#x1782;&#x178E;&#x1793;&#x17B6;&#x178A;&#x17C4;&#x1799;&#x1794;&#x17D2;&#x179A;&#x17BE;&#x179B;&#x17D2;&#x1794;&#x17B7;&#x1785; &#x1793;&#x17B7;&#x1784;&#x179B;&#x17C6;&#x17A0;&#x17B6;&#x178F;&#x17CB;&#x17A2;&#x1793;&#x17BB;&#x179C;&#x178F;&#x17D2;&#x178F;
&#x179F;&#x17C0;&#x179C;&#x1797;&#x17C5;&#x178F;&#x17D2;&#x179A;&#x17BC;&#x179C;&#x1794;&#x17B6;&#x1793;&#x179A;&#x1785;&#x1793;&#x17B6;&#x17A1;&#x17BE;&#x1784;&#x17B2;&#x17D2;&#x1799;&#x1798;&#x17B6;&#x1793;&#x1797;&#x17B6;&#x1796;&#x1791;&#x17B6;&#x1780;&#x17CB;&#x1791;&#x17B6;&#x1789; &#x178A;&#x17C4;&#x1799;&#x1797;&#x17D2;&#x1787;&#x17B6;&#x1794;&#x17CB;&#x179A;&#x17BC;&#x1794;&#x1797;&#x17B6;&#x1796;&#x179F;&#x178F;&#x17D2;&#x179C;&#x1793;&#x17B7;&#x1784;&#x178F;&#x17BD;&#x17A2;&#x1784;&#x17D2;&#x1782;&#x1780;&#x17C6;&#x1794;&#x17D2;&#x179B;&#x17C2;&#x1784; &#x178A;&#x17BE;&#x1798;&#x17D2;&#x1794;&#x17B8;&#x1787;&#x17BD;&#x1799;&#x17B2;&#x17D2;&#x1799;&#x1780;&#x17BB;&#x1798;&#x17B6;&#x179A;&#x179F;&#x1794;&#x17D2;&#x1794;&#x17B6;&#x1799;&#x1785;&#x17B7;&#x178F;&#x17D2;&#x178F; &#x1793;&#x17B7;&#x1784;&#x1784;&#x17B6;&#x1799;&#x179F;&#x17D2;&#x179A;&#x17BD;&#x179B;&#x1799;&#x179B;&#x17CB;&#x1785;&#x17C6;&#x1796;&#x17C4;&#x17C7;&#x1798;&#x17C1;&#x179A;&#x17C0;&#x1793;&#x1782;&#x178E;&#x17B7;&#x178F;&#x179C;&#x17B7;&#x1791;&#x17D2;&#x1799;&#x17B6;&#x17D4;</subfield>
  </datafield>
  <datafield tag="520" ind1=" " ind2=" ">
    <subfield code="a">This book is designed for children to teach basic mathematics principles through pictures and cartoon characters, making learning more enjoyable and engaging. Inside, the book includes key lessons such as:

Addition and subtraction

Learning about numbers and mathematical symbols

Studying geometric shapes

Learning to tell time using a clock

Practicing calculations with tricks and exercises

The book is attractively designed with animal illustrations and funny characters to help children feel happy and better understand mathematical lessons.</subfield>
  </datafield>
  <datafield tag="521" ind1="8" ind2=" ">
    <subfield code="a">300
</subfield>
    <subfield code="b">Lexile estimate
</subfield>
  </datafield>
  <datafield tag="521" ind1="8" ind2=" ">
    <subfield code="a">F
</subfield>
    <subfield code="b">Raz-Plus
</subfield>
  </datafield>
  <datafield tag="650" ind1=" " ind2=" ">
    <subfield code="a">Mathematic </subfield>
  </datafield>
  <datafield tag="650" ind1=" " ind2=" ">
    <subfield code="a">&#x1782;&#x178E;&#x17B7;&#x178F;&#x179C;&#x17B7;&#x1791;&#x17D2;&#x1799;&#x17B6;</subfield>
  </datafield>
  <datafield tag="942" ind1=" " ind2=" ">
    <subfield code="2">ddc</subfield>
    <subfield code="c">BK</subfield>
    <subfield code="n">0</subfield>
  </datafield>
  <datafield tag="999" ind1=" " ind2=" ">
    <subfield code="c">8224</subfield>
    <subfield code="d">8224</subfield>
  </datafield>
  <datafield tag="952" ind1=" " ind2=" ">
    <subfield code="0">0</subfield>
    <subfield code="1">0</subfield>
    <subfield code="2">ddc</subfield>
    <subfield code="4">0</subfield>
    <subfield code="7">0</subfield>
    <subfield code="8">Khmer-English Bilingual </subfield>
    <subfield code="a">001</subfield>
    <subfield code="b">001</subfield>
    <subfield code="c">OKHR</subfield>
    <subfield code="d">2025-09-03</subfield>
    <subfield code="l">1</subfield>
    <subfield code="o">CHE 510 </subfield>
    <subfield code="p">2025-4366</subfield>
    <subfield code="q">2025-11-27</subfield>
    <subfield code="r">2025-11-13 15:02:22</subfield>
    <subfield code="s">2025-11-13</subfield>
    <subfield code="t">1</subfield>
    <subfield code="w">2025-09-03</subfield>
    <subfield code="y">KHB</subfield>
  </datafield>
</record>
